Estadisticas de la Guinea Ecuatroial Nguemista: datos para explicar un desastre político = Statistic of Nguemist Equatorial Guinea = Statistiques de la Guinée Equatoriale Nguemiste
| Main Author: | |
|---|---|
| Format: | Print Book |
| Language: | Spanish English French |
| Published: |
Genève
Les Ed. du Temps
1986
|
| In: | Year: 1986 |
| Check availability: | HBZ Gateway |
| Subito Delivery Service: | Order now. |
MARC
| LEADER | 00000cam a22000002c 4500 | ||
|---|---|---|---|
| 001 | 1363892479 | ||
| 003 | DE-627 | ||
| 005 | 20230130134037.0 | ||
| 007 | tu | ||
| 008 | 081217s1986 xx ||||| 00| ||spa c | ||
| 035 | |a (DE-627)1363892479 | ||
| 035 | |a (DE-576)293892474 | ||
| 035 | |a (DE-599)BSZ293892474 | ||
| 040 | |a DE-627 |b ger |c DE-627 |e rakwb | ||
| 041 | |a spa |a eng |a fre | ||
| 100 | 1 | |a Liniger-Goumaz, Max |d 1930- |0 (DE-588)121728544 |0 (DE-627)081495838 |0 (DE-576)214539032 |4 aut | |
| 109 | |a Liniger-Goumaz, Max 1930- |a Liniger Goumaz, Max 1930- |a Liniger, Max 1930- |a Goumaz, Max Liniger- 1930- |a Goumaz, Max L.- 1930- |a Goumaz, Max Liniger 1930- | ||
| 245 | 1 | 0 | |a Estadisticas de la Guinea Ecuatroial Nguemista |b datos para explicar un desastre político = Statistic of Nguemist Equatorial Guinea = Statistiques de la Guinée Equatoriale Nguemiste |c por Max Liniger-Goumaz |
| 246 | 3 | 1 | |a Statistic of Nguemist Equatorial Guinea |
| 246 | 3 | 1 | |a Statistiques de la Guinée Equatoriale Nguemiste |
| 264 | 1 | |a Genève |b Les Ed. du Temps |c 1986 | |
| 300 | |a graph. Darst. | ||
| 336 | |a Text |b txt |2 rdacontent | ||
| 337 | |a ohne Hilfsmittel zu benutzen |b n |2 rdamedia | ||
| 338 | |a Band |b nc |2 rdacarrier | ||
| 583 | 1 | |a Archivierung prüfen |c 20200919 |f DE-640 |z 1 |2 pdager | |
| 935 | |a mkri | ||
| 951 | |a BO | ||
| ELC | |b 1 | ||
| LOK | |0 000 xxxxxcx a22 zn 4500 | ||
| LOK | |0 001 2588233139 | ||
| LOK | |0 003 DE-627 | ||
| LOK | |0 004 1363892479 | ||
| LOK | |0 005 20081217150308 | ||
| LOK | |0 008 081217||||||||||||||||ger||||||| | ||
| LOK | |0 040 |a DE-Frei85 |c DE-627 |d DE-Frei85 | ||
| LOK | |0 852 |a DE-Frei85 | ||
| LOK | |0 852 1 |m p |9 00 | ||
| LOK | |0 938 |k p | ||
| LOK | |0 939 |a 17-12-08 |b l01 | ||
| ORI | |a SA-MARC-krimdoka001.raw | ||
